Persona 4 Arena Playable Characters Quiz - Statistics

General Stats
  • This quiz has been taken 42 times
  • The average score is 11 of 12
Answer Stats
Character Persona % Correct
Teddie Kintoki-Douji
97%
Yu Narukami Izanagi
97%
Chie Satonaka Tomoe
94%
Kanji Tatsumi Take-Mikazuchi
94%
Yukiko Amagi Konohana Sakuya
94%
Naoto Shirogane Sukuna-Hikona
91%
Yosuke Hanamura Jiraiya
91%
Aigis Pallas Athena
85%
Akihiko Sanada Caesar
85%
Labrys Ariadne
79%
Mitsuru Kirijo Artemisia
79%
Elizabeth Thanatos
76%
No matching quizzes found
Score Distribution
Percent of People with Each Score
Percentile by Number Answered
Your Score History
You have not taken this quiz